[Event "I Festival Torre delle Stelle A"]
[Site "Sinnai ITA"]
[Date "2011.06.22"]
[Round "1"]
[White "Bonugli, Carlo"]
[Black "Shytaj, Luca"]
[Result "0-1"]
[WhiteElo "2047"]
[BlackElo "2494"]
[PlyCount "98"]
[EventDate "2011.06.22"]

1. e4 c5 2. Nc3 d6 3. g3 Nc6 4. Bg2 g6 5. d3 Bg7 6. f4 Nf6 7. Nf3 O-O 8. O-O
Rb8 9. h3 b5 10. g4 b4 11. Ne2 c4 12. Be3 cxd3 13. cxd3 Ba6 14. Ng3 Nd7 15. Rf2
Nb6 16. Rc1 Bb5 17. Rfc2 Qd7 18. Ne2 Rfc8 19. Ned4 Nxd4 20. Nxd4 Rxc2 21. Rxc2
Na4 22. Bf1 Bxd4 23. Bxd4 Nc5 24. f5 e5 25. fxe6 fxe6 26. Rf2 e5 27. Be3 Rf8
28. Rxf8+ Kxf8 29. Qc2 Ne6 30. Qf2+ Kg7 31. d4 Bxf1 32. Kxf1 Qb5+ 33. Kg1 Qd3
34. g5 Nf4 35. Bxf4 exf4 36. e5 dxe5 37. dxe5 Qe3 38. Qxe3 fxe3 39. e6 Kf8 40.
Kf1 Ke7 41. Ke2 Kxe6 42. Kxe3 Kf5 43. Kd4 Kxg5 44. Kc5 Kh4 45. a4 bxa3 46. bxa3
Kxh3 47. Kb5 g5 48. Ka6 g4 49. Kxa7 g3 0-1

[Event "I Festival Torre delle Stelle A"]
[Site "Sinnai ITA"]
[Date "2011.06.22"]
[Round "1"]
[White "Brunello, Sabino"]
[Black "Puzzoni, Christian"]
[Result "1-0"]
[WhiteElo "2537"]
[BlackElo "2089"]
[PlyCount "65"]
[EventDate "2011.06.22"]

1. d4 d5 2. c4 e5 3. dxe5 d4 4. Nf3 Nc6 5. a3 f6 6. exf6 Nxf6 7. b4 Bg4 8. Bb2
Bxf3 9. exf3 Qe7+ 10. Qe2 O-O-O 11. Qxe7 Bxe7 12. Nd2 Rhe8 13. O-O-O a5 14. b5
Ne5 15. Nb3 c5 16. bxc6 Nxc6 17. Kc2 a4 18. Nxd4 Bxa3 19. Bxa3 Nxd4+ 20. Kb1
Re6 21. Bd3 Rb6+ 22. Ka2 Rb3 23. Bc1 Nd7 24. Bxh7 Ne5 25. Rhe1 Nec6 26. Ba3 Rh8
27. Be4 Rxh2 28. f4 b5 29. Bc5 bxc4 30. Rxd4 Nxd4 31. Bxd4 Rh8 32. Rc1 Rd8 33.
Rxc4+ 1-0

[Event "I Festival Torre delle Stelle A"]
[Site "Sinnai ITA"]
[Date "2011.06.22"]
[Round "1"]
[White "Bruno, Fabio"]
[Black "Belvisi, Ivano"]
[Result "1-0"]
[WhiteElo "2459"]
[BlackElo "2003"]
[PlyCount "47"]
[EventDate "2011.06.22"]

1. d4 Nf6 2. Nf3 d5 3. c4 e6 4. Nc3 c5 5. e3 Nc6 6. a3 a6 7. dxc5 Bxc5 8. b4
Ba7 9. c5 O-O 10. Bb2 b6 11. cxb6 Bxb6 12. Na4 Ba7 13. Rc1 Nb8 14. Be2 Nbd7 15.
Nd4 Bb7 16. Nc6 Bxc6 17. Rxc6 Ne4 18. O-O Qh4 19. g3 Qh6 20. Kg2 f5 21. Qd3 Bb8
22. Nb6 Be5 23. Nxd7 Bxb2 24. Nxf8 1-0

[Event "I Festival Torre delle Stelle A"]
[Site "Sinnai ITA"]
[Date "2011.06.22"]
[Round "1"]
[White "Ciampi, Vincenzo"]
[Black "Kogan, Artur"]
[Result "0-1"]
[WhiteElo "2101"]
[BlackElo "2556"]
[PlyCount "44"]
[EventDate "2011.06.22"]

1. d4 Nf6 2. Nf3 c5 3. d5 b5 4. c4 e6 5. dxe6 fxe6 6. cxb5 d5 7. e3 Bd6 8. Nc3
O-O 9. Qc2 Bb7 10. e4 Nbd7 11. Bd3 Qe8 12. Qe2 c4 13. Bc2 Ng4 14. Be3 Nde5 15.
Nxe5 Nxe3 16. fxe3 Bxe5 17. a4 a6 18. b6 Qd8 19. Qh5 Qf6 20. Kd2 d4 21. exd4
Bf4+ 22. Ke2 Qxd4 0-1

[Event "I Festival Torre delle Stelle A"]
[Site "Sinnai ITA"]
[Date "2011.06.22"]
[Round "1"]
[White "Ciobanu, Camelia-Adriana"]
[Black "Mallo', Danilo"]
[Result "1/2-1/2"]
[WhiteElo "2216"]
[BlackElo "1930"]
[PlyCount "75"]
[EventDate "2011.06.22"]

1. e4 c5 2. Nc3 d6 3. f4 Nc6 4. Nf3 e6 5. Bc4 Be7 6. O-O Nf6 7. Bb3 O-O 8. d3
Na5 9. Kh1 a6 10. Qe1 b5 11. e5 Ne8 12. Bd2 Nxb3 13. axb3 Bb7 14. Qg3 f6 15.
Qh3 Nc7 16. exd6 Bxd6 17. Ne4 Re8 18. Be3 Nd5 19. Nxc5 Bxc5 20. Bxc5 Rc8 21. b4
Nxf4 22. Qg4 Nd5 23. Rae1 Nc7 24. Nd4 f5 25. Qg3 Qf6 26. Nb3 e5 27. d4 e4 28.
Bd6 Nd5 29. Be5 Qg6 30. Qxg6 hxg6 31. c3 Ra8 32. Nc5 Bc8 33. Re2 a5 34. Ra1 a4
35. h4 Nb6 36. b3 Be6 37. bxa4 Bc4 38. Ree1 1/2-1/2

[Event "I Festival Torre delle Stelle A"]
[Site "Sinnai ITA"]
[Date "2011.06.22"]
[Round "1"]
[White "Du Plessis, Heinco"]
[Black "Sollai, Matteo"]
[Result "1-0"]
[WhiteElo "2120"]
[BlackElo "1805"]
[PlyCount "71"]
[EventDate "2011.06.22"]

1. e4 Nc6 2. d4 d5 3. Nc3 Nf6 4. e5 Ne4 5. Bd3 Bf5 6. f3 Nxc3 7. bxc3 Qd7 8.
Ne2 f6 9. f4 Bg6 10. Ng3 e6 11. O-O O-O-O 12. Rb1 fxe5 13. fxe5 Be7 14. Qg4
Bxd3 15. cxd3 h5 16. Nxh5 Rdg8 17. Nf4 g5 18. Nh5 Nd8 19. Nf6 Bxf6 20. Rxf6 Qh7
21. Qg3 Qh5 22. Ba3 Rg7 23. Rbf1 Qe2 24. R6f2 Qh5 25. Rf8 Rxf8 26. Bxf8 Rf7 27.
Rxf7 Nxf7 28. Qf3 Qg6 29. Qf6 Qf5 30. Qxf5 exf5 31. e6 Nd6 32. Be7 Nb5 33. Bxg5
Nxc3 34. Kf2 Nb5 35. Ke3 Nd6 36. h4 1-0

[Event "I Festival Torre delle Stelle A"]
[Site "Sinnai ITA"]
[Date "2011.06.22"]
[Round "1"]
[White "Locci, Damiano"]
[Black "D'Orta, Antonio"]
[Result "1-0"]
[WhiteElo "2167"]
[BlackElo "1922"]
[PlyCount "69"]
[EventDate "2011.06.22"]

1. c4 c6 2. Nf3 d5 3. e3 Nf6 4. Qc2 Bg4 5. Be2 e6 6. b3 Qa5 7. Bb2 Nbd7 8. O-O
Bd6 9. d3 dxc4 10. bxc4 Qh5 11. Nbd2 Ne5 12. h3 Nxf3+ 13. Bxf3 Bxf3 14. Nxf3
Rg8 15. e4 Nd7 16. d4 g5 17. e5 Be7 18. Nh2 f5 19. exf6 Nxf6 20. d5 exd5 21.
Bxf6 Bxf6 22. Rae1+ Kf8 23. Ng4 Qg6 24. Qb3 Rg7 25. cxd5 cxd5 26. Re6 Rf7 27.
Qf3 Bd8 28. Qe2 Re7 29. Qf3+ Rf7 30. Qe3 Bb6 31. Qa3+ Kg7 32. Rxg6+ hxg6 33.
Ne5 Rf5 34. Qe7+ Kg8 35. Qe6+ 1-0

[Event "I Festival Torre delle Stelle A"]
[Site "Sinnai ITA"]
[Date "2011.06.22"]
[Round "1"]
[White "Manca, Luca"]
[Black "Piscopo, Pierluigi"]
[Result "0-1"]
[WhiteElo "1995"]
[BlackElo "2417"]
[PlyCount "72"]
[EventDate "2011.06.22"]

1. e4 c5 2. Nf3 Nc6 3. c3 Nf6 4. e5 Nd5 5. d4 cxd4 6. cxd4 d6 7. Bc4 e6 8. O-O
Be7 9. Nc3 Nxc3 10. bxc3 dxe5 11. dxe5 Qxd1 12. Rxd1 Bd7 13. Rb1 Na5 14. Bd3
Rd8 15. Bg5 Ba4 16. Bb5+ Bxb5 17. Rxd8+ Bxd8 18. Bxd8 Kxd8 19. Rxb5 b6 20. Ng5
Ke7 21. Kf1 Rc8 22. Ne4 Nc4 23. f4 Ne3+ 24. Kg1 Nd5 25. f5 Rc4 26. Nd6 Rxc3 27.
Rb2 Ne3 28. Re2 Nxf5 29. Nb5 Rc1+ 30. Kf2 a6 31. Na3 Nd4 32. Re4 Nc6 33. Nc4 b5
34. Ne3 Rc5 35. Ng4 h5 36. Ne3 Rxe5 0-1

[Event "I Festival Torre delle Stelle A"]
[Site "Sinnai ITA"]
[Date "2011.06.22"]
[Round "1"]
[White "Markos, Jan"]
[Black "Grinza, Andrea"]
[Result "1-0"]
[WhiteElo "2568"]
[BlackElo "2109"]
[PlyCount "105"]
[EventDate "2011.06.22"]

1. d4 Nf6 2. c4 e5 3. dxe5 Ng4 4. Bf4 Nc6 5. Nf3 Bb4+ 6. Nc3 Bxc3+ 7. bxc3 Qe7
8. Qd5 f6 9. exf6 Nxf6 10. Qd3 d6 11. g3 O-O 12. Bg2 Ne4 13. Nd4 Nxf2 14. Kxf2
Ne5 15. Qe4 g5 16. Kg1 gxf4 17. gxf4 Qh4 18. Rf1 Bh3 19. Bxh3 Qxh3 20. Qg2+
Qxg2+ 21. Kxg2 Nxc4 22. Rf3 Rae8 23. Rg1 Nd2 24. Rd3 Ne4 25. Kf3+ Kf7 26. Nf5
Nc5 27. Rd5 Ne6 28. e4 Kf6 29. Ne3 Ke7 30. Rg4 Rf7 31. Rh5 Ref8 32. f5 Re8 33.
Rh6 Nf8 34. Nd5+ Kd8 35. Rf6 Ree7 36. Rg8 Ke8 37. Rxf7 Rxf7 38. Kg4 c6 39. Nf4
Ke7 40. Kg5 Nd7 41. Nh5 Nc5 42. f6+ Kd7 43. Kf5 Ne6 44. e5 dxe5 45. Kxe5 Nf8
46. Nf4 a5 47. h4 a4 48. Kf5 b5 49. Rg7 Ke8 50. Ne6 Rd7 51. Nxf8 Rd5+ 52. Ke6
Kxf8 53. Rxh7 1-0

[Event "I Festival Torre delle Stelle A"]
[Site "Sinnai ITA"]
[Date "2011.06.22"]
[Round "1"]
[White "Paulesu, Sebastiano"]
[Black "Ibba, Isacco"]
[Result "0-1"]
[WhiteElo "1926"]
[BlackElo "2187"]
[PlyCount "66"]
[EventDate "2011.06.22"]

1. Nf3 d5 2. b4 Qd6 3. a3 e5 4. Bb2 f6 5. e3 Be6 6. d3 Ne7 7. Nbd2 g6 8. c4 c6
9. Be2 Bg7 10. Rc1 O-O 11. Rc2 Nd7 12. O-O h6 13. Re1 f5 14. Nf1 g5 15. Qb1 Ng6
16. Rec1 g4 17. N3d2 f4 18. cxd5 cxd5 19. e4 d4 20. f3 g3 21. hxg3 fxg3 22.
Nxg3 Nf4 23. Bf1 Qe7 24. Rc7 Qg5 25. Nf5 Nh3+ 26. Kh1 Nf2+ 27. Kg1 Bxf5 28.
exf5 Qe3 29. Nc4 Nh3+ 30. Kh2 Qg1+ 31. Kxh3 Rxf5 32. Rxd7 Rh5+ 33. Kg3 Rg5+ 0-1

[Event "I Festival Torre delle Stelle A"]
[Site "Sinnai ITA"]
[Date "2011.06.22"]
[Round "1"]
[White "Zuccarelli, Angelo"]
[Black "Huguet, Sergio"]
[Result "0-1"]
[WhiteElo "1897"]
[BlackElo "2139"]
[PlyCount "70"]
[EventDate "2011.06.22"]

1. e4 Nf6 2. e5 Nd5 3. d4 d6 4. Nf3 Bg4 5. Be2 c6 6. exd6 exd6 7. O-O Be7 8.
Nbd2 O-O 9. Ne4 Nd7 10. c4 N5b6 11. Bd3 d5 12. cxd5 Nxd5 13. h3 Bxf3 14. Qxf3
N7f6 15. Rd1 Nxe4 16. Qxe4 Nf6 17. Qf3 Qd5 18. Qe2 Rfe8 19. Qc2 Bd6 20. Be3 Re7
21. Bc4 Qh5 22. Be2 Qh4 23. Bf3 Nd5 24. Bxd5 cxd5 25. Rd3 Rae8 26. Rf1 Re6 27.
Rc3 h6 28. Rc8 Qe4 29. Rxe8+ Rxe8 30. Qb3 Re6 31. Qc3 Rg6 32. f3 Qh4 33. Qc8+
Kh7 34. Bf2 Qf4 35. Be1 Rxg2+ 0-1

[Event "I Festival Torre delle Stelle A"]
[Site "Sinnai ITA"]
[Date "2011.06.23"]
[Round "2"]
[White "Belvisi, Ivano"]
[Black "Zuccarelli, Angelo"]
[Result "1/2-1/2"]
[WhiteElo "2003"]
[BlackElo "1897"]
[PlyCount "137"]
[EventDate "2011.06.22"]

1. e4 e5 2. Nf3 Nc6 3. Bb5 a6 4. Ba4 Nf6 5. O-O b5 6. Bb3 Be7 7. Qe2 d6 8. c3
Bg4 9. d3 O-O 10. Nbd2 Na5 11. Bc2 c5 12. h3 Bd7 13. Rd1 Qc7 14. Nf1 Rfe8 15.
Ne3 g6 16. Bd2 Bc6 17. Nf1 Nh5 18. g4 Nf4 19. Bxf4 exf4 20. Qd2 g5 21. d4 Kg7
22. b3 Rh8 23. N1h2 h5 24. e5 hxg4 25. hxg4 Bxf3 26. Nxf3 dxe5 27. Nxe5 Bf6 28.
Re1 Rh3 29. Be4 Rah8 30. Bg2 R3h4 31. f3 Rd8 32. Rad1 Rd5 33. Qe2 cxd4 34. cxd4
Qd6 35. Nd3 Bxd4+ 36. Nf2 Rh6 37. Kf1 Bxf2 38. Rxd5 Qxd5 39. Qxf2 Rd6 40. Kg1
Nc6 41. Qe2 Re6 42. Qb2+ Qd4+ 43. Qxd4+ Nxd4 44. Rd1 Ne2+ 45. Kf2 Nc3 46. Rd2
b4 47. Bf1 a5 48. Bc4 Re7 49. Rd6 Ra7 50. Rd2 Rc7 51. Bf1 Kf6 52. Be2 Ke7 53.
Ke1 Rd7 54. Rc2 Kf6 55. Kf2 Ke5 56. a3 f5 57. gxf5 Kxf5 58. Bc4 Nd1+ 59. Ke2
Nc3+ 60. Kf2 Nb1 61. Ke2 Re7+ 62. Kf2 Re3 63. Bg8 Nc3 64. Rd2 Re8 65. Bc4 Rh8
66. Rd7 Re8 67. Rb7 Na2 68. Ra7 Nc3 69. Rb7 1/2-1/2

[Event "I Festival Torre delle Stelle A"]
[Site "Sinnai ITA"]
[Date "2011.06.23"]
[Round "2"]
[White "Caprio, Guido"]
[Black "Markos, Jan"]
[Result "0-1"]
[WhiteElo "2305"]
[BlackElo "2568"]
[PlyCount "51"]
[EventDate "2011.06.22"]

1. e4 c5 2. Nf3 Nc6 3. Bb5 d6 4. Bxc6+ bxc6 5. O-O Bg4 6. h3 Bh5 7. Re1 e5 8.
d3 Be7 9. Nbd2 Nf6 10. Nf1 Nd7 11. Ng3 Bg6 12. c3 O-O 13. d4 exd4 14. cxd4 d5
15. exd5 cxd5 16. dxc5 Nxc5 17. Ne5 Bf6 18. Nxg6 hxg6 19. Ne2 Re8 20. Rb1 d4
21. b4 Ne4 22. Rb3 Qb6 23. Rd3 Qxb4 24. Nxd4 Nc3 25. Rxe8+ Rxe8 26. Bd2 0-1

[Event "I Festival Torre delle Stelle A"]
[Site "Sinnai ITA"]
[Date "2011.06.23"]
[Round "2"]
[White "D'Orta, Antonio"]
[Black "Bonugli, Carlo"]
[Result "0-1"]
[WhiteElo "1922"]
[BlackElo "2047"]
[PlyCount "147"]
[EventDate "2011.06.22"]

1. e4 e6 2. Nc3 d5 3. d4 Nf6 4. e5 Nfd7 5. f4 c5 6. Nf3 Nc6 7. Bb5 Qb6 8. a4
cxd4 9. a5 Nxa5 10. Nxd4 Nc6 11. Be3 Qc7 12. O-O Bc5 13. Kh1 O-O 14. Na4 Nxd4
15. Bxd4 Bxd4 16. Qxd4 a6 17. Bxd7 Bxd7 18. Nb6 Rae8 19. Rf3 f6 20. Rc3 Bc6 21.
Re1 Qf7 22. Rf3 Qg6 23. Rg3 Qf5 24. c4 fxe5 25. fxe5 Qf2 26. Qxf2 Rxf2 27. cxd5
exd5 28. b3 Rxe5 29. Kg1 Rfe2 30. Rxe2 Rxe2 31. Rd3 d4 32. Rxd4 Rxg2+ 33. Kf1
Rxh2 34. Nc8 Rb2 35. Rf4 Bb5+ 36. Kg1 h6 37. Ne7+ Kh7 38. b4 Re2 39. Nf5 g5 40.
Rd4 Kg6 41. Ng3 Re6 42. Ne4 Bc6 43. Nc5 Rf6 44. Nd3 h5 45. Ne5+ Kf5 46. Nc4 h4
47. Ne3+ Kg6 48. Rd8 Rf4 49. Rd6+ Kf7 50. Nc2 Rg4+ 51. Kf1 h3 52. Rh6 Rf4+ 53.
Kg1 g4 54. Rh5 Bf3 55. Ne1 Be2 56. Nc2 Rc4 57. Ne3 Rxb4 58. Kf2 Bf3 59. Kg3 a5
60. Nf1 a4 61. Nh2 Bd1 62. Rh7+ Kg6 63. Rd7 Rb1 64. Rd2 b5 65. Nxg4 Bxg4 66.
Kxg4 h2 67. Rxh2 a3 68. Rc2 b4 69. Rc6+ Kf7 70. Kf5 Rf1+ 71. Ke5 a2 72. Rc7+
Kg6 73. Rc6+ Kg5 74. Rc8 0-1

[Event "I Festival Torre delle Stelle A"]
[Site "Sinnai ITA"]
[Date "2011.06.23"]
[Round "2"]
[White "Grinza, Andrea"]
[Black "Deruda, Leonardo"]
[Result "1-0"]
[WhiteElo "2109"]
[BlackElo "1930"]
[PlyCount "67"]
[EventDate "2011.06.22"]

1. d4 Nf6 2. c4 g6 3. g3 c5 4. Nf3 cxd4 5. Nxd4 Nc6 6. Bg2 Bg7 7. O-O O-O 8.
Nc2 d6 9. Nc3 Be6 10. b3 Qa5 11. Bb2 Rac8 12. Qd2 Rfd8 13. e4 a6 14. Rad1 b5
15. b4 Qb6 16. Nd5 Bxd5 17. exd5 Nb8 18. Bd4 Qc7 19. Ne3 bxc4 20. Rc1 Qb7 21.
Nxc4 Qb5 22. a4 Qe8 23. Rfe1 Nfd7 24. Bxg7 Kxg7 25. Nxd6 exd6 26. Rxe8 Rxe8 27.
Qd4+ Kg8 28. Rxc8 Rxc8 29. Bh3 Rc1+ 30. Kg2 Ne5 31. Qb6 Nbd7 32. Qxd6 f5 33. f4
Rc2+ 34. Kf1 1-0

[Event "I Festival Torre delle Stelle A"]
[Site "Sinnai ITA"]
[Date "2011.06.23"]
[Round "2"]
[White "Huguet, Sergio"]
[Black "Bruno, Fabio"]
[Result "0-1"]
[WhiteElo "2139"]
[BlackElo "2459"]
[PlyCount "82"]
[EventDate "2011.06.22"]

1. d4 d5 2. e3 Nf6 3. Bd3 c5 4. c3 Qc7 5. f4 e6 6. Nf3 Bd6 7. Ne5 O-O 8. O-O b6
9. Qe2 Ne4 10. Nd2 Bb7 11. Rf3 f6 12. Ng4 Nd7 13. Nf2 f5 14. Rh3 cxd4 15. cxd4
Rac8 16. Nf3 Qxc1+ 17. Rxc1 Rxc1+ 18. Nd1 Ndf6 19. Ng5 h6 20. Nxe4 dxe4 21. Bc4
Bd5 22. Bxd5 exd5 23. Kf2 Bb4 24. Nc3 Bxc3 25. bxc3 Rxc3 26. Kg3 g5 27. Qb5 Kg7
28. fxg5 hxg5 29. Qb4 Rxe3+ 30. Kf2 Rxh3 31. gxh3 Rh8 32. Qe7+ Kg6 33. Qxa7 f4
34. Qxb6 e3+ 35. Kg2 e2 36. Qb1+ Kh5 37. h4 Ne4 38. Qe1 g4 39. h3 f3+ 40. Kh1
f2 41. hxg4+ Kxh4 0-1

[Event "I Festival Torre delle Stelle A"]
[Site "Sinnai ITA"]
[Date "2011.06.23"]
[Round "2"]
[White "Ibba, Isacco"]
[Black "Brunello, Sabino"]
[Result "0-1"]
[WhiteElo "2187"]
[BlackElo "2537"]
[PlyCount "56"]
[EventDate "2011.06.22"]

1. d4 Nf6 2. Bg5 Ne4 3. Bf4 c5 4. c3 cxd4 5. cxd4 Nc6 6. Nc3 d5 7. f3 Nxc3 8.
bxc3 g6 9. e4 Bg7 10. e5 O-O 11. Bd3 Na5 12. Ne2 Bd7 13. O-O Rc8 14. Qe1 Nc4
15. Qh4 Nb2 16. Bc2 Ba4 17. Bb3 Bb5 18. Rfb1 Nc4 19. Bxc4 Bxc4 20. Ng3 Qd7 21.
Re1 Rc6 22. Bd2 Rfc8 23. f4 f5 24. exf6 Bxf6 25. Qh6 Qg4 26. Re3 Rb6 27. f5 Bg5
28. h3 Qf4 0-1

[Event "I Festival Torre delle Stelle A"]
[Site "Sinnai ITA"]
[Date "2011.06.23"]
[Round "2"]
[White "Kogan, Artur"]
[Black "Mariotti, Sergio"]
[Result "1-0"]
[WhiteElo "2556"]
[BlackElo "2329"]
[PlyCount "175"]
[EventDate "2011.06.22"]

1. d4 Nf6 2. Nf3 d5 3. c4 c6 4. e3 g6 5. Nbd2 Bg7 6. b4 O-O 7. Bb2 Nbd7 8. Be2
a5 9. a3 dxc4 10. Nxc4 axb4 11. axb4 Rxa1 12. Qxa1 Nd5 13. Qa3 N7b6 14. Na5 Na8
15. O-O Qb6 16. Nc4 Qa6 17. Qxa6 bxa6 18. Na5 Bd7 19. Rc1 Rb8 20. Ba3 Nac7 21.
Nxc6 Bxc6 22. Rxc6 Nb5 23. Rxa6 Nxa3 24. Rxa3 Rxb4 25. Ra8+ Bf8 26. Ne5 Rb1+
27. Bf1 Nf6 28. g4 Rb7 29. Rd8 h6 30. Kg2 e6 31. Be2 Kg7 32. Bf3 Rc7 33. h3 Be7
34. Ra8 Nd7 35. Nc6 Bh4 36. Ra2 Nb6 37. Ra6 Nc8 38. Ra2 Ne7 39. Ne5 Bf6 40. Nd3
g5 41. Be4 Nc8 42. Ra6 Be7 43. Ne5 Bd6 44. Nf3 Ra7 45. Rxa7 Nxa7 46. Kf1 Kf8
47. Ke2 Ke7 48. Kd3 Nb5 49. Bc6 Nc7 50. Ke4 Na6 51. Nd2 Nb4 52. Ba8 Bh2 53. f4
gxf4 54. exf4 h5 55. Nf3 Bg3 56. gxh5 f5+ 57. Ke3 Nc2+ 58. Kd3 Ne1+ 59. Nxe1
Bxe1 60. Bb7 Bh4 61. Bc8 Bf6 62. d5 exd5 63. h6 Bb2 64. h7 Kf7 65. Bxf5 Kg7 66.
Ke3 Bc1+ 67. Kf3 Bb2 68. Bd3 Kf7 69. Kg4 Bh8 70. h4 Kf6 71. h5 Bg7 72. h6 Bh8
73. Kh4 Ke6 74. Kg5 Kf7 75. Kf5 Bf6 76. Bc2 d4 77. Bb3+ Ke7 78. Bc4 Bh8 79. Bd3
Kf7 80. Kg5 Bf6+ 81. Kh5 Bh8 82. Kg5 Bf6+ 83. Kf5 Bh8 84. Bc4+ Ke7 85. Kg6 Kf8
86. Bd3 Ke7 87. f5 Be5 88. h8=Q 1-0

[Event "I Festival Torre delle Stelle A"]
[Site "Sinnai ITA"]
[Date "2011.06.23"]
[Round "2"]
[White "Mallo', Danilo"]
[Black "De Rosa, Mariagrazia"]
[Result "0-1"]
[WhiteElo "1930"]
[BlackElo "2113"]
[PlyCount "100"]
[EventDate "2011.06.22"]

1. d4 Nf6 2. c4 c5 3. d5 e5 4. Nc3 d6 5. e4 Be7 6. Bd3 Nbd7 7. Nge2 Nf8 8. O-O
Ng6 9. f4 exf4 10. Nxf4 Ne5 11. b3 O-O 12. Bb2 Bd7 13. Nce2 Nfg4 14. Qd2 Bf6
15. h3 Nh6 16. Rf2 Bh4 17. g3 Bg5 18. Qc3 Qe7 19. Raf1 Rae8 20. Bb1 g6 21. Kg2
f5 22. Nd3 Bf6 23. Nxe5 Bxe5 24. Qd2 Bxb2 25. Qxb2 fxe4 26. Rxf8+ Rxf8 27.
Rxf8+ Kxf8 28. Qh8+ Ng8 29. Nf4 g5 30. Ne6+ Bxe6 31. dxe6 Qxe6 32. Qxh7 e3 33.
Qf5+ Qf6 34. Kf3 Ke7 35. Qxf6+ Nxf6 36. Kxe3 d5 37. cxd5 Nxd5+ 38. Kd3 b5 39.
Bc2 Nb4+ 40. Kd2 Nxa2 41. Be4 Nb4 42. Ke3 Ke6 43. h4 gxh4 44. gxh4 Nd5+ 45.
Bxd5+ Kxd5 46. h5 Ke5 47. h6 Kf6 48. Ke4 a5 49. Kd5 a4 50. Kxc5 axb3 0-1

[Event "I Festival Torre delle Stelle A"]
[Site "Sinnai ITA"]
[Date "2011.06.23"]
[Round "2"]
[White "Mameli, Gianluca"]
[Black "Ciampi, Vincenzo"]
[Result "0-1"]
[WhiteElo "1945"]
[BlackElo "2101"]
[PlyCount "72"]
[EventDate "2011.06.22"]

1. e4 c5 2. Nf3 e6 3. d4 cxd4 4. Nxd4 a6 5. Be3 Nf6 6. Bd3 Qc7 7. Qe2 Be7 8.
Nd2 Nc6 9. Nxc6 bxc6 10. O-O O-O 11. c3 d5 12. Rfd1 c5 13. f3 Bb7 14. c4 Rfe8
15. Bf2 Bd6 16. g3 Rad8 17. Rdb1 a5 18. Rc1 h5 19. Kg2 h4 20. Rab1 g6 21. Re1
Nh5 22. e5 Bf8 23. Kg1 Bh6 24. f4 Bxf4 25. gxf4 Nxf4 26. Qf3 Nxd3 27. Qxd3 dxc4
28. Qe2 Rxd2 29. Qxd2 Qc6 30. Kf1 Qg2+ 31. Ke2 Qg4+ 32. Kf1 Bg2+ 33. Kg1 Bf3+
34. Bg3 hxg3 35. Rbd1 gxh2+ 36. Kxh2 Kg7 0-1

[Event "I Festival Torre delle Stelle A"]
[Site "Sinnai ITA"]
[Date "2011.06.23"]
[Round "2"]
[White "Piscopo, Pierluigi"]
[Black "Du Plessis, Heinco"]
[Result "1-0"]
[WhiteElo "2417"]
[BlackElo "2120"]
[PlyCount "87"]
[EventDate "2011.06.22"]

1. e4 c5 2. Nc3 d6 3. d4 cxd4 4. Qxd4 a6 5. Be3 Nc6 6. Qb6 Qxb6 7. Bxb6 Nf6 8.
O-O-O Be6 9. f4 g6 10. Nd5 Bxd5 11. exd5 Nb8 12. g3 Nbd7 13. Bd4 Bg7 14. Bh3
Nh5 15. Be3 f5 16. Nf3 Nhf6 17. Rhe1 Ne4 18. g4 fxg4 19. Bxg4 Nef6 20. Be6 Nh5
21. Ng5 h6 22. Nf3 Rf8 23. Nh4 Rf6 24. f5 Ne5 25. fxg6 Nxg6 26. Nf5 Nf8 27. Bd4
Nxe6 28. Bxf6 Bxf6 29. Rxe6 Nf4 30. Re4 Ng6 31. Nxd6+ Kd7 32. Nc4 Bg5+ 33. Kb1
Rf8 34. d6 e5 35. Nxe5+ Nxe5 36. Rxe5 Rf2 37. Rc5 Bd8 38. h4 Rf6 39. Rh5 Re6
40. a3 Kc6 41. d7 b6 42. Rhd5 Kc7 43. R1d3 Rc6 44. h5 1-0

[Event "I Festival Torre delle Stelle A"]
[Site "Sinnai ITA"]
[Date "2011.06.23"]
[Round "2"]
[White "Puzzoni, Christian"]
[Black "Paulesu, Sebastiano"]
[Result "1-0"]
[WhiteElo "2089"]
[BlackElo "1926"]
[PlyCount "55"]
[EventDate "2011.06.22"]

1. Nc3 d5 2. d4 Nf6 3. Bg5 Bf5 4. f3 Nbd7 5. e4 dxe4 6. Bc4 h6 7. Bh4 e3 8. g4
Bg6 9. Qe2 Nb6 10. Bxf6 gxf6 11. O-O-O Nxc4 12. Qxc4 Qd7 13. d5 O-O-O 14. Nge2
a6 15. Nd4 h5 16. Nc6 Bh6 17. Kb1 e2 18. Qxe2 hxg4 19. fxg4 Rde8 20. Qf2 Qxg4
21. Qa7 Qf5 22. Nd4 Qh3 23. Na4 Be3 24. Nc5 Bxc2+ 25. Ka1 Kd8 26. Nde6+ fxe6
27. dxe6+ Bxd1 28. Qb8# 1-0

[Event "I Festival Torre delle Stelle A"]
[Site "Sinnai ITA"]
[Date "2011.06.23"]
[Round "2"]
[White "Shytaj, Luca"]
[Black "Locci, Damiano"]
[Result "1/2-1/2"]
[WhiteElo "2494"]
[BlackElo "2167"]
[PlyCount "91"]
[EventDate "2011.06.22"]

1. e4 e6 2. d4 d5 3. Nd2 Nf6 4. e5 Nfd7 5. f4 c5 6. c3 Nc6 7. Ndf3 cxd4 8. cxd4
a5 9. h4 a4 10. Rh3 a3 11. b3 Qb6 12. Ne2 Ndb8 13. Kf2 Na6 14. Nc3 Bd7 15. Be3
Rc8 16. Rc1 Bb4 17. Na4 Qa5 18. Bd3 b5 19. Nc5 Nxc5 20. dxc5 d4 21. Nxd4 Nxd4
22. Bxd4 Bd2 23. Rc2 Bxf4 24. Qf3 Bh6 25. c6 Bxc6 26. Rxc6 Qd2+ 27. Kg1 O-O 28.
Rxc8 Rxc8 29. Qf2 Rc1+ 30. Bf1 Rxf1+ 31. Kxf1 Qd1+ 32. Qe1 Qxd4 33. Qc3 Qd1+
34. Kf2 g6 35. Rd3 Qb1 36. Rd8+ Kg7 37. Qf3 Qb2+ 38. Qe2 Bf4 39. Kf3 Bxe5 40.
Qxb5 Bf6 41. Rd7 Bxh4 42. g3 Be7 43. Qe2 Qc3+ 44. Rd3 Qc6+ 45. Qe4 Qc1 46. Qd4+
1/2-1/2

[Event "I Festival Torre delle Stelle A"]
[Site "Sinnai ITA"]
[Date "2011.06.23"]
[Round "2"]
[White "Sollai, Matteo"]
[Black "Manca, Luca"]
[Result "0-1"]
[WhiteElo "1805"]
[BlackElo "1995"]
[PlyCount "36"]
[EventDate "2011.06.22"]

1. e4 e5 2. f4 d5 3. Nf3 dxe4 4. Nxe5 Be6 5. d4 Nd7 6. Nc3 Nxe5 7. fxe5 Bb4 8.
Be3 Ne7 9. a3 Bxc3+ 10. bxc3 Nd5 11. Qd2 c6 12. c4 Nb6 13. Qb4 Qe7 14. Qc3 O-O
15. Be2 f5 16. O-O Qf7 17. c5 Nd5 18. Qd2 f4 0-1

[Event "I Festival Torre delle Stelle A"]
[Site "Sinnai ITA"]
[Date "2011.06.23"]
[Round "3"]
[White "Bonugli, Carlo"]
[Black "Huguet, Sergio"]
[Result "0-1"]
[WhiteElo "2047"]
[BlackElo "2139"]
[PlyCount "134"]
[EventDate "2011.06.22"]

1. e4 Nf6 2. Nc3 d5 3. e5 Ne4 4. d4 Nxc3 5. bxc3 c5 6. Nf3 Nc6 7. Be2 Bg4 8.
O-O e6 9. Bg5 Qa5 10. Qd3 h6 11. Be3 Bf5 12. Qd2 cxd4 13. Bxd4 Bc5 14. Rab1
Bxd4 15. Nxd4 Nxd4 16. Qxd4 O-O 17. Rxb7 Qxa2 18. Bd3 Bxd3 19. cxd3 Qa3 20.
Rfb1 Rac8 21. R7b3 Qc5 22. Qxc5 Rxc5 23. d4 Rc4 24. Rd1 Rfc8 25. Rd3 a5 26. Kf1
a4 27. Ra3 Rb8 28. Ke2 Rb2+ 29. Rd2 Rb3 30. Rxb3 axb3 31. Rb2 Rxc3 32. Kd2 Rc4
33. Ke3 Rb4 34. Kd3 Kh7 35. Kc3 Rc4+ 36. Kd3 Rb4 37. Kc3 Rc4+ 38. Kd3 Rc1 39.
Ke3 Re1+ 40. Kd3 Rh1 41. h3 Rg1 42. g3 g5 43. Rxb3 Rh1 44. Ke3 Rxh3 45. Rb1 h5
46. Kf3 Rh2 47. Rb7 Kg6 48. Rb8 Kg7 49. Rb1 h4 50. gxh4 Rxh4 51. Rd1 Kg6 52.
Kg3 Kf5 53. f3 Rf4 54. Rd2 f6 55. exf6 Kxf6 56. Rd1 e5 57. dxe5+ Kxe5 58. Re1+
Kd6 59. Ra1 Rc4 60. Kf2 d4 61. Ke2 Ke5 62. Rg1 Kf5 63. Rg4 d3+ 64. Kxd3 Rxg4
65. fxg4+ Kxg4 66. Ke2 Kg3 67. Kf1 Kh2 0-1

[Event "I Festival Torre delle Stelle A"]
[Site "Sinnai ITA"]
[Date "2011.06.23"]
[Round "3"]
[White "Brunello, Sabino"]
[Black "Kogan, Artur"]
[Result "1-0"]
[WhiteElo "2537"]
[BlackElo "2556"]
[PlyCount "99"]
[EventDate "2011.06.22"]

1. d4 d5 2. c4 c6 3. Nf3 Nf6 4. Nc3 dxc4 5. a4 e6 6. e3 c5 7. Bxc4 Nc6 8. O-O
Be7 9. Qe2 cxd4 10. exd4 O-O 11. Rd1 Nd5 12. Ba2 Re8 13. Ne4 Bd7 14. Bb1 Rc8
15. Neg5 g6 16. h4 Qb6 17. Be4 Bf6 18. h5 Nxd4 19. Nxd4 Bxd4 20. hxg6 hxg6 21.
Qf3 Re7 22. a5 Qc5 23. Bd2 Bc6 24. Rac1 Qd6 25. Bxd5 exd5 26. Qg4 Bxf2+ 27.
Kxf2 Rce8 28. Qh3 Qf6+ 29. Kg1 Qd4+ 30. Kh1 f6 31. Bc3 Qf4 32. Rf1 Qxg5 33.
Bxf6 Qxc1 34. Qh8+ Kf7 35. Qh7+ Ke6 36. Qh3+ Kf7 37. Rxc1 Kxf6 38. Qh4+ Kg7 39.
Qd4+ Kg8 40. Qxa7 Re2 41. Qd4 R8e4 42. Qf6 Re6 43. Qd8+ Re8 44. Qg5 Kg7 45. Rf1
d4 46. Qf6+ Kh7 47. Rf4 R8e4 48. Qf7+ Kh6 49. Qf8+ Kg5 50. Qf6+ 1-0